A női fogvatartottak helyzete Magyarországon

Elmentve itt :
Bibliográfiai részletek
Szerző: Szalai Ágnes
További közreműködők: Visnyeiné Juhász Zsuzsanna (Témavezető)
Dokumentumtípus: Szakdolgozat
Megjelent: 2017
Tárgyszavak:
Online Access:http://diploma.bibl.u-szeged.hu/85196
LEADER 00696nta a2200181 i 4500
001 dipl85196
005 20200512130453.0
008 200511s2017 hu om 0|| hun d
040 |a SZTE Diploma Repozitórium  |b hun 
041 |a hun 
100 1 |a Szalai Ágnes 
245 1 2 |a A női fogvatartottak helyzete Magyarországon  |h [elektronikus dokumentum] /  |c Ágnes Szalai 
246 1 0 |a The women prisoners in Hungary  |h [elektronikus dokumentum] 
260 |c 2017 
650 4 |a Jogi és igazgatási tanulmányok 
650 4 |a Gender in law, criminology and penology 
700 2 |a Visnyeiné Juhász Zsuzsanna  |e ths 
856 4 0 |u http://diploma.bibl.u-szeged.hu/id/eprint/85196/1/2017_szalai_agnes.pdf  |z Dokumentum-elérés